Baseball Players by Photo #1 - Statistics

General Stats
  • This quiz has been taken 167 times
  • The average score is 15 of 20
Answer Stats
Picture Answer % Correct
Babe Ruth
97%
Bryce Harper
90%
Nolan Ryan
90%
Randy Johnson
90%
José Altuve
89%
Willie Mays
88%
Rickey Henderson
85%
Henry Aaron
84%
Miguel Cabrera
79%
Mariano Rivera
76%
Frank Thomas
75%
Mike Schmidt
75%
Cal Ripken Jr.
73%
Tony Gwynn
71%
Yogi Berra
71%
Honus Wagner
62%
Todd Helton
60%
Rod Carew
53%
Greg Maddux
50%
Edgar Martinez
47%
No matching quizzes found
Score Distribution
Percent of People with Each Score
Percentile by Number Answered
Your Score History
You have not taken this quiz